Statistics for 東京の隣接自治体

Click here to take the quiz!

General Stats

  • This quiz has been taken 33 times
  • The average score is 9 of 22

Answer Stats

Answer% Correct
川崎市
90%
川口市
90%
浦安町
83%
松戸市
83%
市川市
80%
武蔵野町
77%
戸田町
73%
保谷町
70%
三鷹町
70%
狛江村
70%
朝霞町
40%
大和町
20%
神代村
17%
八幡村
13%
谷塚町
10%
行徳町
7%
潮止村
7%
南行徳町
3%
八木郷村
3%
美笹村
3%
片山村
3%
戸ヶ崎村
3%

Score Distribution

Percentile by Number Answered

Percent of People with Each Score

Your Score History

You have not taken this quiz